000 003930000a22001690004500
005 20120302060038.0
942 _cBOOK
100 _a Suru,Na.Go.
245 _a Maajhi Aakaasha-Bhaashite Aani Ietar Lekha
260 _aPune:Na.Go.Suru,
300 _a218p.
040 _aMAR
650 _aLekha
650 _aBhaashan Sangraha
650 _aSankeerna
650 _aAakaashawaani-Bhaashane
999 _c350082
_d350079